Biggest American and Canadian Cities Without an NFL Team - Statistics

General Stats
  • This quiz has been taken 47 times
  • The average score is 39 of 50
Answer Stats
Answer % Correct
Montreal
98%
San Antonio
98%
Toronto
98%
Austin
95%
Calgary
95%
Edmonton
95%
San Diego
95%
Oklahoma City
93%
Portland
93%
San Jose
93%
Vancouver
93%
Honolulu
90%
Memphis
90%
Orlando
90%
Sacramento
90%
Winnipeg
90%
Albuquerque
88%
Columbus
88%
El Paso
88%
Fort Worth
88%
Louisville
88%
Milwaukee
88%
Raleigh
88%
Ottawa
86%
Hamilton
83%
Tucson
83%
Tulsa
83%
Colorado Springs
81%
Omaha
81%
Halifax
79%
Oakland
79%
Quebec City
79%
Lexington
76%
Virginia Beach
76%
Anaheim
74%
Long Beach
74%
Wichita
71%
Fresno
69%
Bakersfield
67%
Mesa
67%
Aurora
60%
Henderson
60%
London
57%
Arlington
55%
Mississauga
52%
Surrey
43%
Brampton
40%
Laval
38%
Markham
24%
Vaughan
24%
No matching quizzes found
Score Distribution
Percent of People with Each Score
Percentile by Number Answered
Your Score History
You have not taken this quiz